000 00842nam a2200193Ia 4500
003 GCL
008 140319s9999 xx 000 0 ara d
040 _aGCL /
_cGCL
082 0 4 _a243
_bق ر
100 1 _aابن قيم الجوزية: شمس الدين ابو عبدالله محمد بن ابى بكر
245 1 0 _aالروح لابن القيم فى الكلام على ارواح الاموات و الاحياء بالدلائل من الكتاب والسنة والاثار واقوال العلماء /
_cابن قيم الجوزية: شمس الدين ابو عبدالله محمد بن ابى بكر
260 _aبيروت :
_bدار الجيل ،
_c1988
300 _a248 ص ؛
_c24 سم
490 _a
650 0 4 _aالحياة الاخرى
650 0 4 _aالسمعيات
650 0 4 _aالروح
942 _2ddc
_cBK
999 _c28879
_d28879